000 01447nam a22003137i 4500
001 768714001
003 CO-MdFUSB
005 20231123152843.0
008 171129t2017 ck ||||| |||| 00| 0 spa d
020 _a9789585618404
040 _aCO-MdFUSB
_bspa
_cCO-MdFUSB
_dCO-MdFUSBC
_erda
041 _aspa
082 _223
_a230.42
_bC276t
100 1 _aCarhuachín, César G.
_eautor
245 _aTeología reformada y desafíos contemporáneos
_c/ César CArhuachín , Milton Mejía.
264 1 _aBarranquilla :
_bCorporación Universitaria Reformada ;
_bEdiciones CLAI,
_c[2017]
264 4 _c©2017
300 _a219 páginas
_c; 21 cm.
_b:
336 _2rdacontent
_atexto
_btxt
337 _2rdamedia
_asin mediación
_bn
338 _2rdacarrier
_avolumen
_bnc
490 _aSerie 500 años de la reforma protestante
505 _aAportes de la reforma a la interpretación de la biblia. César G. Carhuachín -- Aportes de la reforma a la teología. César G. Carhuachín -- Reforma, dignidad humana y derechos humanos. César G. Carhuachín -- Una aproximación a la forma de hacer teología protestante reformada. Milton Mejía -- Pentecostalismo y reforma protestante: Una perspectiva desde Latinoamérica. Miltón Mejía -- Teología reformada y pensamiento complejo. Milton Mejía
563 _aRústico
650 0 _9958
_aReforma de la iglesia
650 2 _9959
_aPensamiento religioso
942 _cBK
945 _aJOHAN1477
999 _c64133
_d64133